La Influencia educativa de la mujer en Costa Rica /

Uloženo v:
Podrobná bibliografie
Hlavní autor: Gamboa, Emma
Médium: Text
Témata:
Tagy: Přidat tag
Žádné tagy, Buďte první, kdo vytvoří štítek k tomuto záznamu!

MARC

LEADER 00000 a a2200000 04500
001 9495
003
040
100 |a Gamboa, Emma  
245 |a La Influencia educativa de la mujer en Costa Rica /  |c Emma Gamboa 
650 |a MUJERES  
650 |a EDUCACION  
773 |g volumen 2, número 61; páginas 1-10  
999 |c 23268  |d 23268